| 000 | 00761nam a2200253 a 4500 | ||
|---|---|---|---|
| 999 |
_c3861 _d3861 |
||
| 001 | 17967 | ||
| 003 | BD-DhUAP | ||
| 005 | 20200312160605.0 | ||
| 008 | 200212r20021996 enk b 001 0 eng d | ||
| 020 | _a9780521740241 | ||
| 040 |
_aBD-DhUAP _cBD-DhUAP _dBD-DhUAP _bEng |
||
| 082 | 0 | 0 |
_a400 YUL _223 |
| 100 | 1 | _aYule, George. | |
| 245 | 1 | 4 |
_aThe study of language / _cGeorge Yule. |
| 250 | _a3rd ed. | ||
| 260 |
_aNew York : _bCambridge University Press, _cc2006 [Reprinted 2008]. |
||
| 300 |
_ax, 273 pages ; _c24 cm. |
||
| 504 | _aIncludes bibliographical references (p. 261-285) and index. | ||
| 650 | 0 | _aLanguage and languages | |
| 650 | 0 | _aLinguistics. | |
| 942 | 0 | 0 |
_04 _2ddc _cBK |